Наричай ме ловец (Запис номер 501189)
[ съкратено ]
| 000 -Лидер | |
|---|---|
| Лидер | 01271nam a2200313 a 4500 |
| 003 - Код на организацията, давaща контролен номер | |
| Код на организацията, даваща контролен номер | BLK |
| 005 - Дата и час на последна редакция | |
| Дата и час на последна редакция | 20250527143043.0 |
| 008 - Елементи от данни с фиксирана дължина | |
| Елементи с фиксирана дължина | 201218b bu ||||| |||| 00| 0 bu d |
| 020 ## - Международен стандартен номер на книга ISBN | |
| ISBN | 9786190302209 |
| 040 ## - Източник на каталожния запис | |
| Код на библиотеката | BLK |
| 041 ## - Код за език | |
| Език | Български |
| Език за КДБФ | Български |
| 080 ## - УДК | |
| УДК текст | Американска литература (на САЩ) |
| УДК код | 821.111(73) |
| УДК – определител | -31 |
| УДК – код + определител | 821.111(73)-31 |
| 084 ## - Класификационен индекс по друга класификация | |
| Авторски знак | Шо - Ш 81 |
| 100 ## - Редна дума - Автор | |
| Автор | Шоки, Джим |
| R(LIN) | 490681 |
| 245 10 - Сведения за заглавието | |
| Заглавие | Наричай ме ловец |
| Авторска отговорност | Джим Шоки; прев. от англ. Венцислав Божилов |
| 260 ## - Област на издателските данни | |
| Име на издателя | Бард |
| Година на издаване | 2023 |
| 9 (RLIN) | 209457 |
| Място на издаване | София |
| Издателство - префикс ISBN | 978-954-655- ; 978-954-585- ; 978-954-584- |
| 300 ## - Физическа характеристика | |
| Брой страници | 463 с. |
| Размер | 20 см |
| 380 ## - Жанр | |
| Жанр | Худож. лит. |
| 490 ## - СЕРИИ (Колекции) | |
| 9 (RLIN) | 201353 |
| Серия | Кралете на трилъра |
| 500 ## - Общи забележки | |
| Обща забележка | Ориг. загл. Call Me Hunter / Jim Shockey |
| 700 ## - Други автори (авторска отговорност) | |
| Друг автор | Божилов, Венцислав Божидаров |
| Звания и думи, свързани с автора | Теодосиев, Стефан, 1968- (псевдоним) |
| Дати, свързани с автора | 1968- |
| Авт. отговорност на др. автор | прев. от англ. |
| 9 (RLIN) | 367877 |
| 852 ## - Местоположение | |
| Сигнатура (форматна) | Цб 322990 |
| Отдел | Хранилище |
| 856 4# - Електронен адрес и достъп | |
| Електронен формат | pdf - файл |
| Път до файла (ресурса) | |
| Инструкция (цена за достъп) | 0.00 |
| Права за достъп | disable |
| 856 4# - Електронен адрес и достъп | |
| Електронен формат | pdf - файл |
| Път до файла (ресурса) | |
| Инструкция (цена за достъп) | 0.00 |
| Права за достъп | disable |
| 942 ## - АРТИКУЛИ | |
| Вид на библиотечния документ | Книги |
| Скрит в OPAC | Не |
| Периодичен библиозапис | Да |
| Koha issues (borrowed), all copies | 34 |
| 944 ## - СЪЗДАВАНЕ И РЕДАКЦИЯ на ЗАПИСА | |
| Дата на регистрацията/редакция | Теодора Пейчева-Дянкова |
| Служител, извършил регистрацията/редакцията | 30530 |
| Номер на служител | Минев Младен |
| 999 ## - СИСТЕМНИ КОНТРОЛНИ НОМЕРА | |
| Koha biblionumber | 501189 |
| Koha biblioitemnumber | 501189 |
| 999 ## - СИСТЕМНИ КОНТРОЛНИ НОМЕРА | |
| Koha biblioitemnumber | 501189 |
| Код за отписване | Код за изгубен артикул | Източник на класификационната схема | Код за повреда | Код за отдаване | Артикулен № | Име на библиотеката - собственик | Име на библиотеката, в която се намира в момента | Статус (Текущо местоположение) | Дата на вписване в системата | Местоположение - отдел | Цена в лева | Инвентарен номер | Систематично азбучна сигнатура | Баркод | Цена в евро | Служебен тип на артикула | Коз за рестрикции |
|---|---|---|---|---|---|---|---|---|---|---|---|---|---|---|---|---|---|
| Не е изгубен | Universal Decimal Classification | Не е повреден | заемане за дома | 939735 | Регионална библиотека "Любен Каравелов" Русе | Регионална библиотека "Любен Каравелов" Русе | Заемна - подръчен фонд | 2024-01-23 | Заемна - подръчен фонд | 19.60 | 120000898760 | 821-31/Ш 81 Д | 120000898760 | 10.02 | Книги | ||
| Не е изгубен | Universal Decimal Classification | Не е повреден | заемане за дома | 939736 | Регионална библиотека "Любен Каравелов" Русе | Регионална библиотека "Любен Каравелов" Русе | Заемна - подръчен фонд | 2024-01-23 | Заемна - подръчен фонд | 19.60 | 120000898761 | 821-31/Ш 81 Д | 120000898761 | 10.02 | Книги | ||
| Не е изгубен | Universal Decimal Classification | Не е повреден | ползва се в читалня | 943638 | Регионална библиотека "Любен Каравелов" Русе | Регионална библиотека "Любен Каравелов" Русе | Хранилище | 2024-06-07 | Хранилище | 27.99 | 120000908748 | Цб 322990 | 120000908748 | 14.31 | Книги | само за читалня |